| 000 | 01088nam0a2200313 4500 | ||
|---|---|---|---|
| 001 | RU\NLR\bibl\803996 | ||
| 005 | 20260406072316.0 | ||
| 010 | _a5-17-027001-1 | ||
| 010 |
_a5-271-10512-1 _95100 |
||
| 021 |
_aRU _b2005-11591 _9595 |
||
| 035 | _a(NLR Aleph) 000793148 | ||
| 090 |
_a1134404 _c1134404 |
||
| 100 | _a20050526d2005 |||y0rusy50 ca | ||
| 101 | 0 | _arus | |
| 102 | _aRU | ||
| 105 | _aa ||||||||| | ||
| 200 | 1 |
_aСмелая жизнь _eисторическая повесть _e[для среднего школьного возраста] _fЛидия Чарская _g[ил. Е. Попковой] |
|
| 210 |
_aМосква _cАстрель _cАст _d2005 |
||
| 215 |
_a300,[1] с. _cил. _d21 |
||
| 225 | 1 | _aЛюбимое чтение | |
| 686 | _aШ9(2)62=Р5-4 | ||
| 700 | 1 |
_4070 _8rus _7ca _aЧарская _bЛ. А. _f1875-1937 _gЛидия Алексеевна _3RU\NLR\auth\7729845 _912873 |
|
| 801 | 0 |
_aRU _bNLR _c20050526 _grcr |
|
| 801 | 1 |
_aRU _bNLR _c20050526 |
|
| 830 | _aАвт. по кн. | ||
| 942 | _cBOOK | ||
| 980 | _aNB | ||